Dolor de ser buena

Kaydedildi:
Detaylı Bibliyografya
Yazar: Larrea Borja, Piedad
Materyal Türü: Kitap
Dil:Undetermined
Baskı/Yayın Bilgisi: Quito, Ecuador casa de la Cultura Ecuatoriana 1978
Konular:
Etiketler: Etiketle
Etiket eklenmemiş, İlk siz ekleyin!

MARC

LEADER 00000nam a2200000Ia 4500
008 170316s9999 xx 000 0 und d
040 |a cru BVZT 
090 |a 860 L-7d 
100 |a Larrea Borja, Piedad 
245 |a Dolor de ser buena 
260 |a Quito, Ecuador 
260 |b casa de la Cultura Ecuatoriana 
260 |c 1978 
300 |a 184 páginas 
650 |a LITERATURA LATINOAMERICANA 
999 |c 8893  |d 8893 
942 |c 15 D  |h 860 L-7d  |2 z